000 00609cam a22002293a 4500
001 22239
003 PGUSA
005 20140828083455.0
008 070804s2007||||xxu|||||s|||||000 1 eng d
040 _aPGUSA
_beng
042 _adc
050 4 _aPS
100 1 _aAnderson, Poul,
_d1926-2001
245 1 0 _aSecurity
_h[electronic resource] /
_cPoul Anderson
260 _bProject Gutenberg,
_c2007
506 _aPublic domain in the USA.
516 _aElectronic text
653 _aScience fiction
830 0 _aProject Gutenberg
_v22239
856 4 0 _uhttp://www.gutenberg.org/ebooks/22239
942 _cEB
999 _c251494
_d251494